Word Vocabulary - VO - Statistics

General Stats
  • This quiz has been taken 451 times
  • The average score is 6 of 12
Answer Stats
word % Correct
vote
82%
vow
75%
voice
69%
vole
67%
void
57%
vox
52%
volt
46%
vogue
44%
volk
21%
vouch
20%
voile
17%
volte
3%
No matching quizzes found
Score Distribution
Percent of People with Each Score
Percentile by Number Answered
Your Score History
You have not taken this quiz